[Event "DVM U14w 2018"]
[Site "Neumünster GER"]
[Date "2018.12.28"]
[Round "4"]
[White "Krömer, Paulina"]
[Black "Becker, Linda"]
[Result "1-0"]
[Termination "normal"]
[Board "4.1"]
[WhiteElo "1525"]
[BlackElo "1436"]
[WhiteTeam "SG Blau-Weiß Stadtilm"]
[BlackTeam "SG Porz"]
[PlyCount "59"]
[WhiteFideId "16212363"]
[BlackFideId "16244753"]
[EventCountry "GER"]
[EventRounds "7"]
[EventType "team-swiss"]
[EventDate "2018.12.26"]

1. c4 e6 2. Nc3 b6 3. e4 Bb7 4. g3 c5 5. Bg2 Nf6 6. d3 h6 7. Nge2 Be7 8. O-O
O-O 9. h3 d6 10. g4 d5 11. e5 Ne8 12. f4 Nc7 13. f5 exf5 14. gxf5 Bg5 15. Nf4
Nc6 16. Nfxd5 Nxd5 17. Nxd5 Nxe5 18. Be4 Bxc1 19. Rxc1 Qg5+ 20. Kh2 Bxd5 21.
Bxd5 Rad8 22. Rc2 Rfe8 23. Rg2 Qf6 24. Qh5 Re7 25. Rfg1 Nxd3 26. Rxg7+ Qxg7 27.
f6 Qxg1+ 28. Kxg1 Re1+ 29. Kh2 Re2+ 30. Qxe2 1-0

[Event "DVM U14w 2018"]
[Site "Neumünster GER"]
[Date "2018.12.28"]
[Round "4"]
[White "Sinner, Joselyne"]
[Black "Schmidt, Pauline"]
[Result "0-1"]
[Termination "normal"]
[Board "4.2"]
[WhiteElo "1518"]
[BlackElo "1504"]
[WhiteTeam "SG Porz"]
[BlackTeam "SG Blau-Weiß Stadtilm"]
[PlyCount "172"]
[WhiteFideId "16210387"]
[BlackFideId "16209850"]
[EventCountry "GER"]
[EventRounds "7"]
[EventType "team-swiss"]
[EventDate "2018.12.26"]

1. e4 c5 2. Nf3 d6 3. Bb5+ Nd7 4. O-O a6 5. Bxd7+ Bxd7 6. Nc3 e5 7. Nd5 g6 8.
d3 Bg7 9. Bg5 f6 10. Be3 Ne7 11. Nd2 O-O 12. f4 Nxd5 13. exd5 Bh6 14. Nc4 Qe7
15. Nb6 Rae8 16. Nxd7 Qxd7 17. Qf3 Qf5 18. g4 Qd7 19. Rae1 Bg7 20. Kh1 Qa4 21.
c4 Qxa2 22. Ra1 Qxb2 23. Rfb1 Qc2 24. Rd1 e4 25. dxe4 Qxe4 26. Qxe4 Rxe4 27.
Bf2 Rxc4 28. Bg3 f5 29. Rab1 b5 30. g5 Rd4 31. Rxd4 Bxd4 32. Kg2 c4 33. Bf2
Bxf2 34. Kxf2 Re8 35. Ra1 Ra8 36. Ke3 Kg7 37. Kd4 Kf7 38. Re1 a5 39. Rb1 Rb8
40. Ra1 a4 41. Kc3 Ke7 42. Kb4 Kd7 43. Re1 c3 44. Kxc3 b4+ 45. Kb2 Rb5 46. Rd1
Rc5 47. Ra1 a3+ 48. Kb3 Rxd5 49. Kxb4 Rd4+ 50. Kxa3 Rxf4 51. Rb1 Ke6 52. Rb7
Rh4 53. Rb2 Ke5 54. Rb5+ d5 55. Rb2 Rh3+ 56. Kb4 d4 57. Kc5 Rc3+ 58. Kb4 Ke4
59. Rd2 Ke3 60. Rd1 Ke2 61. Rxd4 Rh3 62. Rc4 Kf3 63. Rc3+ Kg4 64. Rc2 Kxg5 65.
Kc4 Kg4 66. Kd4 Kf4 67. Rf2+ Rf3 68. Re2 Kg4 69. Re7 h5 70. Rg7 g5 71. Ke5 Ra3
72. Rf7 f4 73. Kf6 Ra4 74. Ke5 Ra5+ 75. Ke4 Kh3 76. Rh7 h4 77. Kf3 Ra3+ 78. Ke4
Kxh2 79. Rg7 Rg3 80. Rg6 Kg2 81. Rd6 f3 82. Rd2+ f2 83. Rc2 Kg1 84. Rc1+ f1=Q
85. Rxf1+ Kxf1 86. Kf5 h3 0-1

[Event "DVM U14w 2018"]
[Site "Neumünster GER"]
[Date "2018.12.28"]
[Round "4"]
[White "Wilhelm, Anna-Lena"]
[Black "Ramien, Hannah"]
[Result "1-0"]
[Termination "normal"]
[Board "4.3"]
[WhiteElo "1131"]
[BlackElo "1280"]
[WhiteTeam "SG Blau-Weiß Stadtilm"]
[BlackTeam "SG Porz"]
[PlyCount "51"]
[WhiteFideId "16230094"]
[BlackFideId "16209982"]
[EventCountry "GER"]
[EventRounds "7"]
[EventType "team-swiss"]
[EventDate "2018.12.26"]

1. e4 e5 2. Nf3 Nc6 3. Bc4 Nf6 4. d4 exd4 5. O-O Bc5 6. c3 Nxe4 7. cxd4 Bb6 8.
Nc3 Nxc3 9. Qe1+ Ne7 10. Qxc3 d5 11. Bb3 O-O 12. Re1 c6 13. Bc2 Ng6 14. Qd3 Bc7
15. Bg5 f6 16. Nh4 Bxh2+ 17. Kh1 fxg5 18. Nxg6 hxg6 19. Qxg6 Qf6 20. Qh7+ Kf7
21. Qxh2 g6 22. Qh7+ Qg7 23. Re7+ Kxe7 24. Qxg7+ Ke8 25. Re1+ Kd8 26. Qe7# 1-0

[Event "DVM U14w 2018"]
[Site "Neumünster GER"]
[Date "2018.12.28"]
[Round "4"]
[White "Popovidi, Angeliki"]
[Black "Stephan, Lia"]
[Result "0-1"]
[Termination "normal"]
[Board "4.4"]
[WhiteElo "715"]
[BlackElo "1098"]
[WhiteTeam "SG Porz"]
[BlackTeam "SG Blau-Weiß Stadtilm"]
[PlyCount "82"]
[WhiteFideId "16255844"]
[BlackFideId "16230116"]
[EventCountry "GER"]
[EventRounds "7"]
[EventType "team-swiss"]
[EventDate "2018.12.26"]

1. e4 e5 2. Nf3 Nc6 3. Nc3 Bc5 4. Nxe5 Nxe5 5. d4 Bd6 6. dxe5 Bxe5 7. Bd2 Nf6
8. Bc4 d6 9. Qe2 c6 10. Qf3 Bg4 11. Qe3 Qb6 12. f3 Qxe3+ 13. Bxe3 Be6 14. Bd2
Bxc4 15. Nd1 O-O-O 16. f4 Bd4 17. Ne3 Bxe3 18. Bxe3 Nxe4 19. Bxa7 c5 20. Rg1
Rhe8 21. O-O-O Kc7 22. Rge1 Nf2 23. Rxe8 Rxe8 24. b3 Nxd1 25. Kxd1 Ba6 26. a3
Re2 27. Kc1 h5 28. b4 b6 29. bxc5 dxc5 30. Kb2 Bd3 31. Kc3 Bxc2 32. Kc4 Kc6 33.
Bb8 Bf5 34. Be5 Rd2 35. Bxg7 b5+ 36. Kc3 Rd7 37. Kb3 c4+ 38. Kb4 Rd3 39. a4
Rb3+ 40. Ka5 Ra3 41. Bb2 Rxa4# 0-1

[Event "DVM U14w 2018"]
[Site "Neumünster GER"]
[Date "2018.12.28"]
[Round "4"]
[White "Basovskiy, Jana"]
[Black "Bardorz, Jana"]
[Result "1-0"]
[Termination "normal"]
[Board "5.1"]
[WhiteElo "1768"]
[BlackElo "1722"]
[WhiteTeam "SF Sasbach"]
[BlackTeam "Karlsruher SF"]
[PlyCount "109"]
[WhiteFideId "16208617"]
[BlackFideId "16208897"]
[EventCountry "GER"]
[EventRounds "7"]
[EventType "team-swiss"]
[EventDate "2018.12.26"]

1. e4 e5 2. Nf3 Nc6 3. Bc4 Nf6 4. Ng5 d5 5. exd5 Na5 6. Bb5+ c6 7. dxc6 bxc6 8.
Be2 h6 9. Nf3 e4 10. Ne5 Bd6 11. d4 exd3 12. Nxd3 Qc7 13. h3 O-O 14. O-O Bf5
15. b3 Rad8 16. Bb2 Nd5 17. Nc3 Nf4 18. Re1 c5 19. Bf1 a6 20. Nxf4 Bxf4 21. Qf3
Be6 22. Bxa6 Nc6 23. Nb5 Qb6 24. Qxf4 Qxa6 25. Nc7 Qc8 26. Nxe6 fxe6 27. Qg4
Nd4 28. Rad1 Rf7 29. Bxd4 cxd4 30. Re2 Rc7 31. Qe4 Rd6 32. a4 Rdc6 33. Rxd4
Rxc2 34. Rxc2 Rxc2 35. Rd8+ Qxd8 36. Qxc2 Qf6 37. b4 Qa1+ 38. Kh2 Qe5+ 39. g3
Qd4 40. b5 Qb6 41. Kg2 Qa5 42. Qc8+ Kh7 43. Qa6 Qb4 44. a5 Qe4+ 45. Kh2 Qf3 46.
Qb6 h5 47. Qc5 h4 48. Qc2+ Kh8 49. b6 hxg3+ 50. fxg3 Qb7 51. Qg2 Qa6 52. b7 Qa7
53. a6 Qb8 54. Qe2 Qa7 55. Qb2 1-0

[Event "DVM U14w 2018"]
[Site "Neumünster GER"]
[Date "2018.12.28"]
[Round "4"]
[White "Schulz, Hannah"]
[Black "Schneider, Katharina"]
[Result "1/2-1/2"]
[Termination "normal"]
[Board "5.2"]
[WhiteElo "1518"]
[BlackElo "1731"]
[WhiteTeam "Karlsruher SF"]
[BlackTeam "SF Sasbach"]
[PlyCount "82"]
[WhiteFideId "16244745"]
[BlackFideId "16200519"]
[EventCountry "GER"]
[EventRounds "7"]
[EventType "team-swiss"]
[EventDate "2018.12.26"]

1. e4 e5 2. Nf3 Nc6 3. Bb5 a6 4. Ba4 Nf6 5. O-O Be7 6. Re1 b5 7. Bb3 O-O 8. c3
d5 9. exd5 Nxd5 10. Nxe5 Nxe5 11. Rxe5 Nf6 12. d4 Bd6 13. Re2 Ng4 14. h3 Qh4
15. Bd5 Rb8 16. Nd2 Nf6 17. Bf3 Bf5 18. Nf1 h6 19. Ne3 Bg6 20. Nd5 Nxd5 21.
Bxd5 Bh5 22. f3 Qg3 23. Kf1 Qh2 24. Ke1 Rbe8 25. Kd2 Bf4+ 26. Kc2 Bg6+ 27. Be4
Bxe4+ 28. fxe4 Bxc1 29. Rxc1 Qf4 30. e5 Rd8 31. Qd2 Qf5+ 32. Qd3 Qe6 33. Kb1 c5
34. Rd1 cxd4 35. cxd4 Rd5 36. Qc3 Rc8 37. Qe3 Rcd8 38. Qf2 Qg6+ 39. Kc1 Rc8+
40. Rc2 Rcd8 41. Re2 Rc8+ 1/2-1/2

[Event "DVM U14w 2018"]
[Site "Neumünster GER"]
[Date "2018.12.28"]
[Round "4"]
[White "Schneider, Anna"]
[Black "Chung, Dana"]
[Result "1-0"]
[Termination "normal"]
[Board "5.3"]
[WhiteElo "1475"]
[BlackElo "1315"]
[WhiteTeam "SF Sasbach"]
[BlackTeam "Karlsruher SF"]
[PlyCount "63"]
[WhiteFideId "16200527"]
[BlackFideId "16235290"]
[EventCountry "GER"]
[EventRounds "7"]
[EventType "team-swiss"]
[EventDate "2018.12.26"]

1. e4 c6 2. c4 d5 3. exd5 cxd5 4. cxd5 Nf6 5. Nc3 Nxd5 6. Nf3 Nc6 7. Bb5 e6 8.
O-O Be7 9. a3 O-O 10. d4 a6 11. Bd3 Bf6 12. Bc2 b5 13. Qd3 g6 14. Bh6 Bg7 15.
Bxg7 Kxg7 16. Rfe1 Bb7 17. Rad1 Rc8 18. Ne4 Re8 19. Nfg5 Rc7 20. Qh3 h6 21. Nf3
Nce7 22. Bb1 Nf5 23. Ng3 Nxg3 24. Qxg3 Nf6 25. Ne5 Bd5 26. f4 Nh5 27. Qg4 f5
28. Qxg6+ Kh8 29. Qxh5 Rh7 30. Rd2 Qf6 31. Qxe8+ Kg7 32. Re3 1-0

[Event "DVM U14w 2018"]
[Site "Neumünster GER"]
[Date "2018.12.28"]
[Round "4"]
[White "Shevchenko, Alyona"]
[Black "Eisele, Lea Carolin"]
[Result "1-0"]
[Termination "normal"]
[Board "5.4"]
[WhiteElo "1300"]
[BlackElo "930"]
[WhiteTeam "Karlsruher SF"]
[BlackTeam "SF Sasbach"]
[PlyCount "175"]
[WhiteFideId "12983420"]
[BlackFideId "16255780"]
[EventCountry "GER"]
[EventRounds "7"]
[EventType "team-swiss"]
[EventDate "2018.12.26"]

1. e4 e5 2. Nf3 Nc6 3. Nc3 Nf6 4. Bb5 Bd6 5. d3 a6 6. Bc4 Qe7 7. Bg5 h6 8. Be3
Bc5 9. Qd2 O-O 10. h3 Qd6 11. Nh4 Bd4 12. Nf5 Qb4 13. Bxd4 Nxd4 14. Nxd4 exd4
15. Nd1 Qxd2+ 16. Kxd2 b5 17. Bb3 Nh5 18. f3 Re8 19. Nf2 Bb7 20. Ng4 Re7 21.
Rac1 Rae8 22. c3 c5 23. cxd4 cxd4 24. Rc5 Nf4 25. Rh2 d6 26. Rc2 Rd7 27. g3 Ne6
28. Bxe6 Rxe6 29. Rh1 d5 30. Rhc1 Re8 31. Rc7 Rxc7 32. Rxc7 Ba8 33. Rd7 h5 34.
Nf2 dxe4 35. fxe4 Bc6 36. Rxd4 Rf8 37. Rd6 Ba8 38. Rxa6 f5 39. exf5 Bd5 40. g4
hxg4 41. hxg4 b4 42. b3 Kf7 43. d4 Rh8 44. Ke3 Re8+ 45. Kd2 Rh8 46. Rd6 Bf3 47.
Ke3 Ba8 48. Rb6 Re8+ 49. Kd2 Rh8 50. Rxb4 Rh2 51. Ke3 Rg2 52. Rb6 Rg3+ 53. Kd2
Rg2 54. Ke2 Rg3 55. Rb5 Bf3+ 56. Kd2 Rg2 57. Ke3 Rg3 58. Kf4 Bc6 59. Kxg3 Bxb5
60. a4 Bd7 61. Kf4 Be8 62. Ne4 Kf8 63. d5 Bf7 64. Nc3 Ke8 65. Ke5 Kd7 66. b4
Be8 67. b5 Kc7 68. d6+ Kd7 69. Ne4 Bf7 70. f6 g6 71. Ng5 Bb3 72. f7 Bxf7 73.
Nxf7 g5 74. Nxg5 Kd8 75. a5 Kd7 76. a6 Kc8 77. a7 Kd7 78. Ke4 Kxd6 79. a8=Q Kc5
80. Qd8 Kxb5 81. Qc7 Kb4 82. Kd4 Kb3 83. Qc4+ Kb2 84. Kd3 Kb1 85. Qc2+ Ka1 86.
Qf2 Kb1 87. Kc3 Ka1 88. Qb2# 1-0

[Event "DVM U14w 2018"]
[Site "Neumünster GER"]
[Date "2018.12.28"]
[Round "4"]
[White "Falke, Ornella"]
[Black "Buchholz, Maja"]
[Result "1-0"]
[Termination "normal"]
[Board "6.1"]
[WhiteElo "1509"]
[BlackElo "1517"]
[WhiteTeam "Elmshorner SC"]
[BlackTeam "SV 1920 Hofheim"]
[PlyCount "49"]
[WhiteFideId "16207092"]
[BlackFideId "16200500"]
[EventCountry "GER"]
[EventRounds "7"]
[EventType "team-swiss"]
[EventDate "2018.12.26"]

1. e4 c5 2. Nf3 d6 3. d4 cxd4 4. Nxd4 Nf6 5. Nc3 g6 6. f3 Bg7 7. Be3 Nc6 8. Qd2
O-O 9. O-O-O Re8 10. g4 Bd7 11. h4 Qc7 12. h5 Ne5 13. hxg6 fxg6 14. Qh2 a6 15.
Nd5 Nxd5 16. Qxh7+ Kf7 17. Bh6 Rg8 18. exd5 Rac8 19. Bd3 Qc5 20. Be4 Qb4 21. f4
Nc4 22. Qxg6+ Kf8 23. Bxg7+ Rxg7 24. Rh8+ Rg8 25. Rxg8# 1-0

[Event "DVM U14w 2018"]
[Site "Neumünster GER"]
[Date "2018.12.28"]
[Round "4"]
[White "I., Natascha"]
[Black "Bräutigam, Katerina"]
[Result "0-1"]
[Termination "normal"]
[Board "6.2"]
[WhiteElo "1164"]
[BlackElo "1546"]
[WhiteTeam "SV 1920 Hofheim"]
[BlackTeam "Elmshorner SC"]
[PlyCount "116"]
[WhiteFideId "16257545"]
[BlackFideId "16242980"]
[EventCountry "GER"]
[EventRounds "7"]
[EventType "team-swiss"]
[EventDate "2018.12.26"]

1. e4 c6 2. d4 d5 3. Nc3 dxe4 4. Nxe4 Bf5 5. Ng3 Bg6 6. h4 h6 7. Nf3 Nd7 8. h5
Bh7 9. Bd3 Bxd3 10. Qxd3 e6 11. Be3 Ngf6 12. Qb3 Qc7 13. Ne2 Nd5 14. Bd2 Be7
15. c4 N5f6 16. Bf4 Qb6 17. Qc2 c5 18. Be3 Ng4 19. Bd2 cxd4 20. Nexd4 e5 21.
O-O exd4 22. Rfe1 d3 23. Qxd3 Nxf2 24. Qe3 Qxe3 25. Bxe3 Nd3 26. Re2 Kf8 27.
Rd1 N7e5 28. Nxe5 Nxe5 29. Rde1 Nxc4 30. Bd4 Bb4 31. Rc1 Nd6 32. a3 Ba5 33. Bc5
Bb6 34. Rd2 Bxc5+ 35. Rxc5 Ne4 36. Rc7 Nxd2 37. Rxb7 Kg8 38. b4 Kh7 39. Rxf7
Rhf8 40. Rd7 Rf1+ 41. Kh2 Nc4 42. a4 Nb6 43. Rd4 Nxa4 44. b5 Nc3 45. Rb4 Rb8
46. Rb3 Nxb5 47. g4 a5 48. Kg2 Rc1 49. Kf2 a4 50. Rb4 a3 51. Ke2 a2 52. Ke3
a1=Q 53. Ke4 Rd1 54. Ke3 Qc3+ 55. Ke2 Qe1+ 56. Kf3 Rf8+ 57. Kg2 Qf2+ 58. Kh3
Rf3# 0-1

[Event "DVM U14w 2018"]
[Site "Neumünster GER"]
[Date "2018.12.28"]
[Round "4"]
[White "Margaryan, Susanna"]
[Black "Biesdorf, Ina"]
[Result "0-1"]
[Termination "normal"]
[Board "6.3"]
[WhiteElo "960"]
[BlackElo "1325"]
[WhiteTeam "Elmshorner SC"]
[BlackTeam "SV 1920 Hofheim"]
[PlyCount "106"]
[WhiteFideId "16268210"]
[BlackFideId "16275322"]
[EventCountry "GER"]
[EventRounds "7"]
[EventType "team-swiss"]
[EventDate "2018.12.26"]

1. d4 d5 2. Bf4 Bf5 3. Nf3 e6 4. e3 Bd6 5. Bxd6 cxd6 6. Bd3 Bg6 7. O-O Nf6 8.
c4 Nbd7 9. Bxg6 hxg6 10. Nc3 dxc4 11. h3 Qe7 12. Qa4 O-O 13. Qxc4 d5 14. Qb3
Nb6 15. Rac1 Rac8 16. Na4 Nc4 17. Nc5 b6 18. Nd3 Ne4 19. Qd1 Rc7 20. b3 Na5 21.
Rxc7 Qxc7 22. Nd2 Nc3 23. Qe1 Nxa2 24. Nc1 Nc3 25. Ne2 Nb5 26. Qc1 Qd7 27. Qb2
Nd6 28. Rc1 Nc6 29. Ra1 Rc8 30. b4 Ne7 31. Nf3 Rc7 32. Ne5 Qc8 33. Rc1 Ne4 34.
Rxc7 Qxc7 35. Qc1 Qb7 36. f3 Nd6 37. Nc3 Qc7 38. Qa3 Nef5 39. Kf2 Kh7 40. Qa4
f6 41. Nc6 Kh6 42. b5 Nc8 43. f4 g5 44. g3 gxf4 45. gxf4 g5 46. Ne2 Kg6 47.
fxg5 fxg5 48. Ne5+ Kh7 49. Kf3 Qg7 50. Nc6 Qf7 51. Kg2 Nxe3+ 52. Kh1 Qf1+ 53.
Ng1 Qg2# 0-1

[Event "DVM U14w 2018"]
[Site "Neumünster GER"]
[Date "2018.12.28"]
[Round "4"]
[White "Goetz, Fenja"]
[Black "Foos, Vanessa"]
[Result "1-0"]
[Termination "normal"]
[Board "7.2"]
[WhiteElo "1465"]
[BlackElo "1177"]
[WhiteTeam "SK Bad Homburg"]
[BlackTeam "TuRa Harksheide Norderstedt 1"]
[PlyCount "77"]
[WhiteFideId "16250516"]
[BlackFideId "16245270"]
[EventCountry "GER"]
[EventRounds "7"]
[EventType "team-swiss"]
[EventDate "2018.12.26"]

1. e4 Nf6 2. Nc3 d6 3. d4 g6 4. Nf3 Bg7 5. Be2 O-O 6. O-O c6 7. Bf4 Qb6 8. Rb1
Bg4 9. Qd2 Bxf3 10. Bxf3 Nbd7 11. Be3 Qc7 12. a4 e5 13. dxe5 Nxe5 14. Be2 Rfe8
15. h3 Rad8 16. Rbd1 c5 17. f3 Qb6 18. b3 Nc6 19. Qc1 Nh5 20. Nd5 Qa5 21. Bb5
Rc8 22. Rd2 a6 23. Bc4 b5 24. axb5 axb5 25. Bd3 Ne5 26. Rfd1 Nxd3 27. Rxd3 c4
28. bxc4 bxc4 29. Ra3 Qb5 30. Ra7 c3 31. Nc7 Rxc7 32. Rxc7 Ng3 33. Kf2 Nh5 34.
Qa3 Qb2 35. Qb3 Rb8 36. Qa4 Rb4 37. Qe8+ Bf8 38. Qxf7+ Kh8 39. Qxh7# 1-0

[Event "DVM U14w 2018"]
[Site "Neumünster GER"]
[Date "2018.12.28"]
[Round "4"]
[White "Rößl, Sara"]
[Black "Tychyna, Margarita"]
[Result "0-1"]
[Termination "normal"]
[Board "7.3"]
[WhiteElo "908"]
[BlackElo "804"]
[WhiteTeam "TuRa Harksheide Norderstedt 1"]
[BlackTeam "SK Bad Homburg"]
[PlyCount "108"]
[WhiteFideId "16255828"]
[BlackFideId "16275349"]
[EventCountry "GER"]
[EventRounds "7"]
[EventType "team-swiss"]
[EventDate "2018.12.26"]

1. e4 e5 2. Nf3 Nc6 3. Bc4 Bc5 4. c3 d6 5. d4 exd4 6. cxd4 Bb4+ 7. Bd2 Bxd2+ 8.
Nbxd2 Be6 9. d5 Ne5 10. dxe6 fxe6 11. Nxe5 dxe5 12. Qb3 Rb8 13. Nf3 Nf6 14.
Bxe6 Rf8 15. Nxe5 Qd6 16. Rd1 Qxe5 17. Bc4 Qxe4+ 18. Kf1 Rd8 19. Re1 Qxe1+ 20.
Kxe1 Ng4 21. Ke2 Rxf2+ 22. Ke1 Rdd2 23. h3 Nf6 24. Rf1 Rxg2 25. Qe3+ Kd7 26.
Qe6+ Kd8 27. Qf7 Rxb2 28. Bd3 Rbd2 29. Bb5 c6 30. Bc4 Rb2 31. Bd3 Rxa2 32. Qb3
b5 33. Qd1 b4 34. Bc4+ Rad2 35. Qxd2+ Rxd2 36. Kxd2 a5 37. Ra1 Ne4+ 38. Ke3 Nd6
39. Rxa5 Nxc4+ 40. Kd4 Nxa5 41. Kc5 Kd7 42. Kxb4 Nb7 43. Kc4 Kd6 44. h4 c5 45.
h5 g5 46. hxg6 hxg6 47. Kd3 Kd5 48. Kc3 c4 49. Kd2 Kd4 50. Kc2 c3 51. Kd1 Kd3
52. Kc1 c2 53. Kb2 Kd2 54. Ka2 c1=Q 0-1

[Event "DVM U14w 2018"]
[Site "Neumünster GER"]
[Date "2018.12.28"]
[Round "4"]
[White "Heintz, Lilly"]
[Black "Klahold, Rona"]
[Result "0-1"]
[Termination "normal"]
[Board "8.2"]
[WhiteElo "1057"]
[BlackElo "1355"]
[WhiteTeam "SC Leipzig Lindenau"]
[BlackTeam "Gütersloher SV"]
[PlyCount "70"]
[WhiteFideId "16229550"]
[BlackFideId "16222970"]
[EventCountry "GER"]
[EventRounds "7"]
[EventType "team-swiss"]
[EventDate "2018.12.26"]

1. e4 e5 2. Nf3 Nc6 3. Bc4 Nf6 4. Nc3 Bc5 5. d3 Ng4 6. O-O d6 7. h3 Nf6 8. Be3
Bb6 9. Re1 Be6 10. Bb3 Nd4 11. Bxd4 Bxd4 12. Nxd4 exd4 13. Ne2 c5 14. Nf4 Bd7
15. Nd5 O-O 16. c4 Nxd5 17. cxd5 Qg5 18. Qf3 Rae8 19. Kh1 f5 20. exf5 Bxf5 21.
Rxe8 Rxe8 22. Rg1 Rf8 23. Qd1 Qh4 24. Qe1 Bxh3 25. Rf1 Bf5+ 26. Kg1 Bxd3 27.
Qd1 Bxf1 28. Qxf1 Rf6 29. Qe2 Kf7 30. Bc2 c4 31. Bb1 d3 32. Qd2 b5 33. a3 a5
34. Qe3 Qf4 35. Qe1 d2 0-1

[Event "DVM U14w 2018"]
[Site "Neumünster GER"]
[Date "2018.12.28"]
[Round "4"]
[White "Engels, Marlene"]
[Black "Ezold, Johanna Sophie"]
[Result "1/2-1/2"]
[Termination "normal"]
[Board "8.3"]
[WhiteElo "1121"]
[BlackElo "994"]
[WhiteTeam "Gütersloher SV"]
[BlackTeam "SC Leipzig Lindenau"]
[PlyCount "41"]
[WhiteFideId "16222962"]
[BlackFideId "16275411"]
[EventCountry "GER"]
[EventRounds "7"]
[EventType "team-swiss"]
[EventDate "2018.12.26"]

1. e4 e5 2. Nf3 Nc6 3. Bc4 Nf6 4. Ng5 d5 5. exd5 Nxd5 6. a3 Be7 7. Nf3 O-O 8.
h3 Be6 9. Bxd5 Qxd5 10. Nc3 Qd8 11. O-O h6 12. Re1 Bf6 13. Ne4 Be7 14. Ng3 Qd7
15. Nxe5 Nxe5 16. Rxe5 Qd6 17. Qe2 Bf6 18. Re3 Bd4 19. Rf3 Qd7 20. d3 Bb6 21.
Be3 1/2-1/2

[Event "DVM U14w 2018"]
[Site "Neumünster GER"]
[Date "2018.12.28"]
[Round "4"]
[White "Kopylov, Diana"]
[Black "Orlova, Alicia"]
[Result "0-1"]
[Termination "normal"]
[Board "9.1"]
[WhiteElo "765"]
[BlackElo "1616"]
[WhiteTeam "TuRa Harksheide Norderstedt 2"]
[BlackTeam "SF Gerresheim"]
[PlyCount "34"]
[WhiteFideId "16268865"]
[BlackFideId "34154563"]
[EventCountry "GER"]
[EventRounds "7"]
[EventType "team-swiss"]
[EventDate "2018.12.26"]

1. e4 e5 2. Nf3 Nc6 3. Bc4 Bc5 4. O-O d6 5. Nc3 Bg4 6. h3 Bh5 7. d3 Nd4 8. Bg5
f6 9. Bh4 Bxf3 10. gxf3 Qd7 11. Kg2 Ne7 12. f4 Ng6 13. Bg3 exf4 14. Bh2 Nh4+
15. Kh1 Qxh3 16. Rg1 Ndf3 17. Rxg7 Qxh2# 0-1